Silicon compilation /

Bibliographic Details
Other Authors: Gajski, Daniel D.
Format: Book
Language:English
Published: Reading, Mass. : Addison-Wesley Pub. Co., [1988]
Subjects:

MARC

Tag First Indicator Second Indicator Subfields
LEADER 00000cam a2200000 a 4500
001 in00000013960
005 20151007052115.0
008 870330s1988 maua b 00100 eng
010 |a  87001365  
020 |a 0201099152 :  |c $37.95 (est.) 
035 |a (OCoLC)15549513 
035 |9 AAA6307AM 
040 |a DLC  |c DLC  |d TXA  |d UtOrBLW 
049 |a TXAM  |c [A11484696] 
050 0 0 |a TK7874  |b .S52 1988 
050 4 |a TK7874  |b .S52 1988 
082 0 |a 621.395  |2 19 
245 0 0 |a Silicon compilation /  |c edited by Daniel D. Gajski. 
264 1 |a Reading, Mass. :  |b Addison-Wesley Pub. Co.,  |c [1988] 
264 4 |c ©1988 
300 |a x, 450 pages :  |b illustrations ;  |c 25 cm. 
336 |a text  |b txt  |2 rdacontent 
337 |a unmediated  |b n  |2 rdamedia 
338 |a volume  |b nc  |2 rdacarrier 
504 |a Includes bibliographies and index. 
650 0 |a Integrated circuits  |x Very large scale integration  |x Design and construction  |x Data processing. 
650 0 |a Silicon compilers. 
700 1 |a Gajski, Daniel D. 
999 |a MARS 
999 f f |s 5dc4753c-14ce-366f-93e3-bd30428810c2  |i 70cce6a5-811d-3524-9e62-4999ab3fd645  |t 0 
952 f f |p ric  |a Texas A&M University  |b Rellis Campus  |c Joint Library Facility  |d Remote Storage  |t 0  |e TK7874 .S52 1988  |h Library of Congress classification  |i unmediated -- volume  |m A14811484696 
998 f f |a TK7874 .S52 1988  |t 0  |l Remote Storage